Delegación para el Congreso de medicina del trabajo de Lisboa
Colección:
San Jorge,
; núm. 4 (octubre 1951), pàg 44
Materias:
Soler Dopff, C.
; Congreso Internacional de Medicina del Trabajo -- (10è : -- 1951 : -- Lisboa, Portugal)
; Salut en el treball -- Congressos
Idioma:
Español
MARC
| LEADER | 00000naa a2200000 a 4500 | ||
|---|---|---|---|
| 003 | Arxiu | ||
| 005 | 20260324181027.0 | ||
| 008 | 160829s1951 spc xx s spa c | ||
| 040 | |a agdb | ||
| 245 | 0 | 0 | |a Delegación para el Congreso de medicina del trabajo de Lisboa |
| 490 | |a San Jorge, |v núm. 4 (octubre 1951), pàg 44 | ||
| 600 | 1 | 0 | |a Soler Dopff, C. |9 32070 |
| 611 | 0 | |9 54651 |a Congreso Internacional de Medicina del Trabajo |n (10è : |d 1951 : |c Lisboa, Portugal) | |
| 650 | |a Salut en el treball |x Congressos |9 21757 | ||
| 773 | |t San Jorge. |g Núm. 4 (octubre 1951), pàg 44 | ||
| 901 | |a Arxiu | ||
| 942 | |n 1 |2 udc |c ART | ||
| 952 | |0 0 |1 0 |4 0 |6 REV508 |7 1 |9 64590 |a Arxiu |b Arxiu |d 2022-12-01 |l 0 |o Rev-508 |r 2022-12-01 00:00:00 |w 2022-12-01 |y ARXIU |z També disponible a Rev-521 | ||
| 999 | |c 44252 |d 44252 | ||